Shirley / (Record no. 20894)
[ view plain ]
| 000 -LEADER | |
|---|---|
| fixed length control field | 00436nam a2200169 a 4500 |
| 005 - DATE AND TIME OF LATEST TRANSACTION | |
| control field | 20140310183257.0 |
| 008 - FIXED-LENGTH DATA ELEMENTS--GENERAL INFORMATION | |
| fixed length control field | 021107s19uu xx 00 eng d |
| 020 ## - INTERNATIONAL STANDARD BOOK NUMBER | |
| International Standard Book Number | 0140620230 |
| 050 ## - LIBRARY OF CONGRESS CALL NUMBER | |
| Classification number | PR 4167 |
| Item number | .B869 1994 |
| 100 ## - MAIN ENTRY--PERSONAL NAME | |
| Personal name | Bronte, Charlotte |
| 245 ## - TITLE STATEMENT | |
| Title | Shirley / |
| Statement of responsibility, etc | Charlotte BrontE. |
| 260 ## - PUBLICATION, DISTRIBUTION, ETC. (IMPRINT) | |
| Place of publication, distribution, etc | England : |
| Name of publisher, distributor, etc | Penguin Books Ltd, |
| Date of publication, distribution, etc | 1994. |
| 300 ## - PHYSICAL DESCRIPTION | |
| Extent | 666 p. : |
| Dimensions | 18 cm. |
| 650 ## - SUBJECT ADDED ENTRY--TOPICAL TERM | |
| Topical term or geographic name as entry element | Fiction |
| 942 ## - ADDED ENTRY ELEMENTS (KOHA) | |
| Koha item type | Books |
| Source of classification or shelving scheme | Library of Congress Classification |
| Withdrawn status | Lost status | Source of classification or shelving scheme | Damaged status | Home library | Current library | Shelving location | Date acquired | Source of acquisition | Cost, normal purchase price | Total Checkouts | Full call number | Barcode | Date last seen | Copy number | Price effective from | Koha item type |
|---|---|---|---|---|---|---|---|---|---|---|---|---|---|---|---|---|
| Library of Congress Classification | College Library | College Library | Fiction Section | 11/17/2004 | 55.75 | PR 4167 .B869 1994 | C5639 | 05/08/2018 | 1 | 10/10/2013 | Books |